000 00235nam a22000857a 4500
999 _c11606
_d11606
008 190820b ||||| |||| 00| 0 eng d
100 _aKhari smarika
_97314
245 _a500 Children's Stories
260 _aNew Delhi
_bExcellent Printers
_c2019